FSB confronts Consignia (Record no. 69407)

MARC details
000 -LEADER
fixed length control field 01235cam a2200217 4500
001 - CONTROL NUMBER
control field WB3804-14
008 - FIXED-LENGTH DATA ELEMENTS--GENERAL INFORMATION
fixed length control field 020131n2002 000 0 eng u
035 ## - SYSTEM CONTROL NUMBER
System control number (Sirsi) u116561
245 ## - TITLE STATEMENT
Title FSB confronts Consignia
260 ## - PUBLICATION, DISTRIBUTION, ETC.
Date of publication, distribution, etc. 2002
490 ## - SERIES STATEMENT
Series statement RICS Management Consultancy Faculty News
Volume/sequential designation 30 January 2002 (1)
520 ## - SUMMARY, ETC.
Summary, etc. The Federation of Small Businesses (FSB) has urged Consignia to reconsider its proposals to cease its traditional early morning delivery to residential addresses. As part of its latest cost cutting measures Consignia has proposed introducing a two-tier postal system, which is currently on trial in parts of south and west England. The new measures would mean that businesses run from residential addresses would have to wait until 1500 to receive their post. The FSB is concerned that these proposals, which could go nationwide within two years, will have a devasting affect on small UK businesses run from home. FSB press release: http://www.fsb.org.uk/news.asp?REC=P/2002/5
590 ## - LOCAL NOTE (RLIN)
Local note WB
650 ## - SUBJECT ADDED ENTRY--TOPICAL TERM
Topical term or geographic name entry element FEDERATION OF SMALL BUSINESSES
650 ## - SUBJECT ADDED ENTRY--TOPICAL TERM
Topical term or geographic name entry element SMALL BUSINESSES
650 ## - SUBJECT ADDED ENTRY--TOPICAL TERM
Topical term or geographic name entry element POSTAL SYSTEM
650 ## - SUBJECT ADDED ENTRY--TOPICAL TERM
Topical term or geographic name entry element MANAGEMENT-BUSINESS MANAGEMENT
650 ## - SUBJECT ADDED ENTRY--TOPICAL TERM
Topical term or geographic name entry element FSB
690 ## - LOCAL SUBJECT ADDED ENTRY--TOPICAL TERM (OCLC, RLIN)
Topical term or geographic name as entry element MANAGEMENT
942 ## - ADDED ENTRY ELEMENTS (KOHA)
Suppress in OPAC 0
Holdings
Withdrawn status Lost status Source of classification or shelving scheme Damaged status Not for loan Home library Current library Shelving location Date acquired Total Checkouts Full call number Barcode Date last seen Copy number Price effective from Koha item type
    Dewey Decimal Classification     London London News article 31/01/2002   WB3804-14 116561-1001 06/08/2019 1 06/08/2019 News article